[Event "Cappelle Online Blitz op"]
[Site "Europe Echecs INT"]
[Date "2022.01.09"]
[Round "5"]
[White "Zanin, Clement"]
[Black "Dubois, Herve"]
[Result "1-0"]
[WhiteElo "1403"]
[BlackElo "1830"]
[PlyCount "81"]
[EventDate "2022.01.09"]
[EventType "swiss (blitz)"]
[EventRounds "11"]
[EventCountry "FRA"]
[SourceTitle "EXT 2023"]
[Source "ChessBase"]
[SourceDate "2022.10.05"]
[SourceVersion "1"]
[SourceVersionDate "2022.10.05"]
[SourceQuality "1"]

1. e4 c5 2. Nc3 d6 3. Bc4 Nf6 4. d3 e6 5. f4 Be7 6. Nf3 0-0 7. 0-0 Nc6 8. Qe1 a6 9. f5 b5 10. Bb3 Na5 11. Qh4 Nxb3 12. axb3 Bb7 13. Ng5 h6 14. Nf3 Nxe4 15. Qg4 Ng5 16. Nxg5 Bxg5 17. fxe6 fxe6 18. Qxe6+ Kh8 19. Bxg5 Qxg5 20. Qe2 Rfe8 21. Qf2 Re5 22. Qg3 Qxg3 23. hxg3 Rae8 24. Rf7 Bc8 25. Ne4 Be6 26. Ra7 d5 27. Nxc5 Bc8 28. Nxa6 Bf5 29. Nc7 R8e7 30. Nxb5 Rxa7 31. Rxa7 Re2 32. Rc7 Bg4 33. Rc5 Re1+ 34. Kh2 Re2 35. Nd4 Rd2 36. Rxd5 Bd1 37. Rc5 h5 38. b4 Bg4 39. b5 Rd1 40. b6 Rb1 41. b3 1-0

[Event "Europe Echecs Blitz Sept op"]
[Site "Europe Echecs INT"]
[Date "2021.09.19"]
[Round "2"]
[White "Valdazo, Raphael"]
[Black "Zanin, Clement"]
[Result "1-0"]
[WhiteElo "1713"]
[BlackElo "1357"]
[PlyCount "75"]
[EventDate "2021.09.19"]
[EventType "swiss (blitz)"]
[EventRounds "11"]
[EventCountry "FRA"]
[SourceTitle "CBM 204 Extra"]
[Source "ChessBase"]
[SourceDate "2021.11.30"]
[SourceVersion "1"]
[SourceVersionDate "2021.11.30"]
[SourceQuality "1"]

1. Nf3 Nc6 2. c4 e5 3. d4 exd4 4. Nxd4 Bc5 5. Nxc6 bxc6 6. Nc3 Nf6 7. Bg5 h6 8. Bh4 Qe7 9. e3 Bb7 10. Bd3 d5 11. cxd5 cxd5 12. 0-0 0-0 13. Re1 Bb4 14. Rc1 Qd6 15. Bg3 Qe6 16. Bb1 Ne4 17. Qd3 Ba6 18. Qc2 f5 19. a3 Ba5 20. b4 Bb6 21. b5 Bb7 22. a4 Ba5 23. Nxe4 Bxe1 24. Nc5 Qb6 25. Nxb7 Qxb7 26. Rxe1 Rac8 27. Ba2 a6 28. e4 fxe4 29. Qxe4 axb5 30. Bxd5+ Qxd5 31. Qxd5+ Kh8 32. axb5 Rfd8 33. Qf5 Ra8 34. Bxc7 Rdc8 35. b6 Ra2 36. Qxc8+ Kh7 37. Qf5+ Kh8 38. Re8# 1-0

[Event "Tetraktys Concept Mgmt"]
[Site "Europe Echecs INT"]
[Date "2021.06.06"]
[Round "8"]
[White "Heng, Jim"]
[Black "Zanin, Clement"]
[Result "1-0"]
[WhiteElo "1921"]
[BlackElo "1357"]
[PlyCount "61"]
[EventDate "2021.06.06"]
[EventType "swiss (blitz)"]
[EventRounds "11"]
[EventCountry "FRA"]
[SourceTitle "CBM 202 Extra"]
[Source "ChessBase"]
[SourceDate "2021.07.31"]
[SourceVersion "1"]
[SourceVersionDate "2021.07.31"]
[SourceQuality "1"]

1. e4 e5 2. Nf3 Nc6 3. Bb5 a6 4. Ba4 Bc5 5. 0-0 d6 6. c3 Bg4 7. h3 Bh5 8. g4 Bg6 9. d4 exd4 10. cxd4 Ba7 11. d5 b5 12. dxc6 bxa4 13. Qxa4 Bb6 14. Nc3 Ne7 15. Bf4 0-0 16. Rad1 h5 17. e5 Bc5 18. exd6 cxd6 19. Ne4 Bxe4 20. Qxe4 hxg4 21. hxg4 Ng6 22. Bg3 Re8 23. Qd5 Qa5 24. a3 Qa4 25. Qh5 Qb3 26. Kg2 Qxb2 27. Rh1 Kf8 28. Rxd6 Bxd6 29. Bxd6+ Re7 30. Qh8+ Nxh8 31. Rxh8# 1-0

[Event "Tetraktys Concept Mgmt"]
[Site "Europe Echecs INT"]
[Date "2021.06.06"]
[Round "9"]
[White "Zanin, Clement"]
[Black "Vine, Guillaume"]
[Result "0-1"]
[WhiteElo "1357"]
[BlackElo "1810"]
[PlyCount "158"]
[EventDate "2021.06.06"]
[EventType "swiss (blitz)"]
[EventRounds "11"]
[EventCountry "FRA"]
[SourceTitle "CBM 202 Extra"]
[Source "ChessBase"]
[SourceDate "2021.07.31"]
[SourceVersion "1"]
[SourceVersionDate "2021.07.31"]
[SourceQuality "1"]

1. e4 c6 2. d4 d5 3. exd5 cxd5 4. Bd3 Nf6 5. Bf4 Nc6 6. Ne2 Bg4 7. f3 Bh5 8. Nbc3 e6 9. Nb5 Rc8 10. 0-0 a6 11. Nbc3 Qb6 12. Na4 Qa5 13. Nac3 Qb4 14. a4 Nxd4 15. Be3 Nxe2+ 16. Nxe2 Bc5 17. Bxc5 Qxc5+ 18. Kh1 0-0 19. Qe1 Bg6 20. Rc1 Bxd3 21. cxd3 Qb6 22. Rb1 Rc2 23. b3 Rfc8 24. f4 Qe3 25. Ng3 Qxd3 26. Rf3 Qg6 27. f5 exf5 28. Qf1 Ne4 29. Nxf5 Kh8 30. Ne7 Qg4 31. Rxf7 h6 32. Nxc8 Rxc8 33. Re1 Nf6 34. Rfe7 Rc2 35. R7e2 Rxe2 36. Qxe2 Qg5 37. Qe7 Ne4 38. Qf8+ Kh7 39. Qf1 Qg6 40. Qe2 Qg5 41. Qd3 Qf4 42. Qe2 Nf2+ 43. Kg1 Ne4 44. Rf1 Qg5 45. Qf3 Nd2 46. Qd3+ Kg8 47. Re1 Qf4 48. Qe2 Ne4 49. Rf1 Qg5 50. Qf3 Qe7 51. Qf5 Nf6 52. Rc1 Qe3+ 53. Kf1 Qxc1+ 54. Ke2 Qb2+ 55. Kf3 Qxb3+ 56. Kf2 Qb2+ 57. Kg3 Qd4 58. Qc8+ Kf7 59. Qc7+ Kf8 60. Qd8+ Ne8 61. Qd6+ Nxd6 62. Kh3 Nf5 63. g3 Nxg3 64. hxg3 g5 65. a5 Qb4 66. g4 Qxa5 67. Kg3 Ke7 68. Kf2 Ke6 69. Ke3 Ke5 70. Kd3 Qa3+ 71. Kc2 Kd4 72. Kd2 b5 73. Ke2 Qd3+ 74. Kf2 Ke4 75. Kg2 Qe2+ 76. Kh3 Qf3+ 77. Kh2 Qxg4 78. Kh1 Kf3 79. Kh2 Qg2# 0-1

[Event "Europe Echecs Blitz May op"]
[Site "Europe Echecs INT"]
[Date "2021.05.09"]
[Round "9"]
[White "Delfosse, Jean Michel"]
[Black "Zanin, Clement"]
[Result "0-1"]
[WhiteElo "1727"]
[BlackElo "1357"]
[PlyCount "52"]
[EventDate "2021.05.09"]
[EventType "swiss (blitz)"]
[EventRounds "11"]
[EventCountry "FRA"]
[SourceTitle "CBM 202 Extra"]
[Source "ChessBase"]
[SourceDate "2021.07.31"]
[SourceVersion "1"]
[SourceVersionDate "2021.07.31"]
[SourceQuality "1"]

1. e4 e5 2. Nf3 Nc6 3. d4 exd4 4. Nxd4 Bc5 5. Be3 Qf6 6. c3 Nge7 7. g3 0-0 8. Bg2 d6 9. 0-0 Ng6 10. h3 Be6 11. Kh2 Nge5 12. f4 Nc4 13. b3 Nxe3 14. Qf3 Nxf1+ 15. Qxf1 Nxd4 16. cxd4 Bxd4 17. Nd2 Bxa1 18. e5 dxe5 19. Qxa1 exf4 20. Qxf6 fxg3+ 21. Kxg3 gxf6 22. Bxb7 Rab8 23. Be4 Rfd8 24. Nf3 f5 25. Bc6 Rd3 26. Kf4 Rb4+ 0-1

[Event "Europe Echecs Blitz May op"]
[Site "Europe Echecs INT"]
[Date "2021.05.09"]
[Round "7"]
[White "Fischer, Julie"]
[Black "Zanin, Clement"]
[Result "1-0"]
[WhiteElo "2071"]
[BlackElo "1357"]
[PlyCount "67"]
[EventDate "2021.05.09"]
[EventType "swiss (blitz)"]
[EventRounds "11"]
[EventCountry "FRA"]
[SourceTitle "CBM 202 Extra"]
[Source "ChessBase"]
[SourceDate "2021.07.31"]
[SourceVersion "1"]
[SourceVersionDate "2021.07.31"]
[SourceQuality "1"]

1. e4 e5 2. Nf3 Nc6 3. d4 exd4 4. Nxd4 Bc5 5. Be3 Qf6 6. c3 Nge7 7. Bc4 0-0 8. 0-0 d6 9. f4 Qg6 10. Nd2 Bh3 11. Rf2 Nxd4 12. cxd4 Bb6 13. f5 Qg4 14. Qxg4 Bxg4 15. h3 Bxh3 16. gxh3 Nc6 17. Nb3 a5 18. a4 Nb4 19. Kh2 Rfe8 20. Rg1 Rxe4 21. Bh6 g6 22. fxg6 hxg6 23. Bxf7+ Kh7 24. Bxg6+ Kxh6 25. Bxe4 Re8 26. Rg6+ Kh7 27. Re6+ Kg7 28. Rxe8 Nd3 29. Bxd3 Bxd4 30. Nxd4 b5 31. Re7+ Kg8 32. Ne6 bxa4 33. Rg7+ Kh8 34. Rf8# 1-0

[Event "Europe Echecs Blitz May op"]
[Site "Europe Echecs INT"]
[Date "2021.05.09"]
[Round "8"]
[White "Zanin, Clement"]
[Black "Joly, Fabrice"]
[Result "0-1"]
[WhiteElo "1357"]
[BlackElo "1976"]
[PlyCount "72"]
[EventDate "2021.05.09"]
[EventType "swiss (blitz)"]
[EventRounds "11"]
[EventCountry "FRA"]
[SourceTitle "CBM 202 Extra"]
[Source "ChessBase"]
[SourceDate "2021.07.31"]
[SourceVersion "1"]
[SourceVersionDate "2021.07.31"]
[SourceQuality "1"]

1. e4 c5 2. Nc3 a6 3. a3 b5 4. d3 Bb7 5. Be2 e6 6. f4 d5 7. Nf3 d4 8. Nb1 Nf6 9. 0-0 Be7 10. Qe1 0-0 11. c3 Nc6 12. cxd4 Nxd4 13. Nc3 Nc2 14. Qh4 Nxa1 15. Bd1 Nxe4 16. dxe4 Bxh4 17. Nxh4 Qxh4 18. Be3 c4 19. a4 Nb3 20. Bxb3 cxb3 21. axb5 axb5 22. Nxb5 Ba6 23. Nd4 Bxf1 24. Kxf1 Ra1+ 25. Ke2 Qe1+ 26. Kf3 e5 27. fxe5 f5 28. exf5 g6 29. f6 Qf1+ 30. Ke4 Qxg2+ 31. Kd3 Rd1+ 32. Kc4 Rc8+ 33. Kxb3 Qb7+ 34. Nb5 Qxb5+ 35. Ka2 Ra8+ 36. Ba7 Rxa7# 0-1

[Event "C'Chartres Blitz op April"]
[Site "Europe Echecs INT"]
[Date "2021.04.10"]
[Round "9"]
[White "Zanin, Clement"]
[Black "Godon, Philippe"]
[Result "0-1"]
[WhiteElo "1357"]
[BlackElo "1818"]
[PlyCount "60"]
[EventDate "2021.04.10"]
[EventType "swiss (blitz)"]
[EventRounds "11"]
[EventCountry "FRA"]
[SourceTitle "CBM 201 Extra"]
[Source "ChessBase"]
[SourceDate "2021.05.31"]
[SourceVersion "1"]
[SourceVersionDate "2021.05.31"]
[SourceQuality "1"]

1. e4 Nf6 2. Nc3 e5 3. Bc4 Nxe4 4. Bxf7+ Kxf7 5. Nxe4 d5 6. Qf3+ Kg8 7. Nc3 Be6 8. d3 Nc6 9. Nh3 Nd4 10. Qd1 Bxh3 11. gxh3 Qd7 12. Rg1 Qxh3 13. Bh6 Nf3+ 14. Ke2 Nd4+ 15. Kd2 Qxh6+ 16. Ke1 Qxh2 17. Qg4 h5 18. Qg3 Qxg1+ 19. Qxg1 Nf3+ 20. Kf1 Nxg1 21. Kxg1 c6 22. Ne2 Bd6 23. Ng3 Rf8 24. Re1 h4 25. Ne2 h3 26. Kh2 e4+ 27. Kh1 Rxf2 28. dxe4 Rh6 29. exd5 Rg6 30. Nd4 Rh2# 0-1

[Event "C'Chartres Blitz op April"]
[Site "Europe Echecs INT"]
[Date "2021.04.10"]
[Round "1"]
[White "Zanin, Clement"]
[Black "Thomas, Anysia"]
[Result "0-1"]
[WhiteElo "1357"]
[BlackElo "2164"]
[PlyCount "134"]
[EventDate "2021.04.10"]
[EventType "swiss (blitz)"]
[EventRounds "11"]
[EventCountry "FRA"]
[SourceTitle "CBM 201 Extra"]
[Source "ChessBase"]
[SourceDate "2021.05.31"]
[SourceVersion "1"]
[SourceVersionDate "2021.05.31"]
[SourceQuality "1"]

1. e4 c5 2. Nc3 g6 3. Bc4 Nc6 4. d3 Bg7 5. f4 e6 6. Nf3 Nge7 7. f5 exf5 8. 0-0 0-0 9. Qe1 fxe4 10. dxe4 Nd4 11. Ng5 Ne6 12. Qh4 Nxg5 13. Bxg5 Nf5 14. Bxd8 Nxh4 15. Bxh4 d5 16. Bxd5 Bg4 17. Be7 Rfc8 18. Bxf7+ Kh8 19. h3 Bd7 20. Rad1 Bc6 21. Nd5 Bxb2 22. Bf6+ Bxf6 23. Nxf6 Kg7 24. Nd5 Bb5 25. Rf3 Rc6 26. Nc3 Ba6 27. Bd5 Rc7 28. e5 Re8 29. e6 Ree7 30. Ne4 Be2 31. Rf7+ Rxf7 32. exf7 Bxd1 33. Nd6 Bxc2 34. Ne8+ Kf8 35. Nxc7 Bf5 36. Ne8 b5 37. Nf6 g5 38. Nxh7+ Bxh7 39. Kf2 Bg6 40. Ke3 Bxf7 41. Bxf7 Kxf7 42. Ke4 c4 43. Kd4 Kf6 44. a4 a6 45. Kc3 Kf5 46. g4+ Kf4 47. Kb4 Kg3 48. h4 Kxh4 49. axb5 axb5 50. Kxb5 c3 51. Kc4 c2 52. Kc3 c1Q+ 53. Kd3 Qf4 54. Ke2 Qxg4+ 55. Kf1 Qf4+ 56. Kg2 Qd2+ 57. Kf3 g4+ 58. Ke4 Qe2+ 59. Kf5 g3 60. Kf4 Qf2+ 61. Ke4 g2 62. Kd3 g1Q 63. Ke4 Qge1+ 64. Kd5 Qfd2+ 65. Kc4 Qec1+ 66. Kb3 Qdb2+ 67. Ka4 Qca1# 0-1

[Event "Cappelle Online Blitz op"]
[Site "Europe Echecs INT"]
[Date "2021.03.07"]
[Round "6"]
[White "Delfosse, Jean Michel"]
[Black "Zanin, Clement"]
[Result "0-1"]
[WhiteElo "1727"]
[BlackElo "1357"]
[PlyCount "98"]
[EventDate "2021.03.07"]
[EventType "swiss (blitz)"]
[EventRounds "11"]
[EventCountry "FRA"]
[SourceTitle "CBM 201 Extra"]
[Source "ChessBase"]
[SourceDate "2021.05.31"]
[SourceVersion "1"]
[SourceVersionDate "2021.05.31"]
[SourceQuality "1"]

1. e4 e5 2. Nf3 Nc6 3. d4 exd4 4. Nxd4 Bc5 5. Be3 Qf6 6. c3 Nge7 7. g3 0-0 8. Bg2 d6 9. 0-0 Ne5 10. h3 N7g6 11. Kh2 Nc4 12. Bc1 Nge5 13. Nd2 Nxd2 14. Bxd2 Qg6 15. f4 Bxd4 16. cxd4 Nd7 17. f5 Qf6 18. Bc3 Nb6 19. d5 Qg5 20. h4 Qe3 21. Qg4 f6 22. Rae1 Qd3 23. h5 Nc4 24. h6 Rf7 25. Bxf6 Ne3 26. Qh3 Nxf1+ 27. Bxf1 Qd2+ 28. Re2 Qxh6 29. Bc3 Qg5 30. Bd2 Qf6 31. Bc3 Qe7 32. g4 a5 33. Kg3 a4 34. Kf4 a3 35. b3 c6 36. g5 cxd5 37. Rh2 Qxe4+ 38. Kg3 Qe3+ 39. Kg2 Qxh3+ 40. Rxh3 Bxf5 41. Re3 Be4+ 42. Kg3 Rxf1 43. Bd4 Raf8 44. g6 Rg1+ 45. Kh2 Rxg6 46. Re1 Rf5 47. Re3 Rh5+ 48. Rh3 Rg2+ 49. Kh1 Rxh3# 0-1

[Event "Cappelle Online Bullet op"]
[Site "Europe Echecs INT"]
[Date "2021.03.05"]
[Round "1"]
[White "Benmesbah, Natacha"]
[Black "Zanin, Clement"]
[Result "1-0"]
[WhiteElo "2223"]
[BlackElo "1357"]
[PlyCount "61"]
[EventDate "2021.03.05"]
[EventType "swiss (blitz)"]
[EventRounds "15"]
[EventCountry "FRA"]
[SourceTitle "EXT 2022"]
[Source "ChessBase"]
[SourceDate "2021.10.06"]
[SourceVersion "1"]
[SourceVersionDate "2021.10.06"]
[SourceQuality "1"]

1. e4 e5 2. Nf3 Nc6 3. Bc4 Bc5 4. d3 d6 5. c3 Bg4 6. 0-0 f6 7. Nbd2 Nge7 8. h3 Bh5 9. b4 Bb6 10. Bb3 a5 11. a3 axb4 12. cxb4 Nd4 13. Ba4+ c6 14. Bb2 Nxf3+ 15. Nxf3 0-0 16. Bb3+ Kh8 17. Qe2 Qe8 18. g4 Bg6 19. Nh2 d5 20. Kh1 dxe4 21. dxe4 Qc8 22. Rfd1 c5 23. Rac1 Qc7 24. bxc5 Bxc5 25. Qc4 Ra5 26. Bc3 b6 27. Bxa5 bxa5 28. Qxc5 Nc6 29. Qxc6 Rc8 30. Qxc7 Rxc7 31. Rd8+ 1-0

[Event "Cappelle Online Bullet op"]
[Site "Europe Echecs INT"]
[Date "2021.03.05"]
[Round "5"]
[White "Jober, Robert"]
[Black "Zanin, Clement"]
[Result "1/2-1/2"]
[WhiteElo "1783"]
[BlackElo "1357"]
[PlyCount "81"]
[EventDate "2021.03.05"]
[EventType "swiss (blitz)"]
[EventRounds "15"]
[EventCountry "FRA"]
[SourceTitle "EXT 2022"]
[Source "ChessBase"]
[SourceDate "2021.10.06"]
[SourceVersion "1"]
[SourceVersionDate "2021.10.06"]
[SourceQuality "1"]

1. e4 e5 2. Nf3 Nc6 3. d4 exd4 4. Nxd4 Bc5 5. Nb3 Qf6 6. Nxc5 d6 7. Nd3 Nh6 8. Be2 0-0 9. 0-0 Re8 10. Nc3 Nd4 11. Nd5 Qg6 12. Nxc7 Nxe2+ 13. Qxe2 Bh3 14. f3 Rec8 15. Nxa8 Rxa8 16. Bxh6 gxh6 17. Kh1 Be6 18. Nf4 Qf6 19. Nxe6 Qxe6 20. c3 Rc8 21. Qb5 Qg6 22. Rad1 Kh8 23. Qd7 Rg8 24. g3 Qf6 25. Rxd6 Qe5 26. Rd5 Qf6 27. Rf5 Qg6 28. Rxf7 a5 29. Qxb7 h5 30. Qc7 h4 31. Qe5+ Rg7 32. Rxg7 Qxg7 33. Qxg7+ Kxg7 34. gxh4 Kg6 35. Rg1+ Kh5 36. Rg4 Kh6 37. h3 a4 38. e5 a3 39. bxa3 Kh5 40. e6 h6 41. e7 1/2-1/2

[Event "Cappelle Online Bullet op"]
[Site "Europe Echecs INT"]
[Date "2021.03.05"]
[Round "7"]
[White "Karavaeva, Olga"]
[Black "Zanin, Clement"]
[Result "1-0"]
[WhiteElo "2260"]
[BlackElo "1357"]
[PlyCount "111"]
[EventDate "2021.03.05"]
[EventType "swiss (blitz)"]
[EventRounds "15"]
[EventCountry "FRA"]
[SourceTitle "EXT 2022"]
[Source "ChessBase"]
[SourceDate "2021.10.06"]
[SourceVersion "1"]
[SourceVersionDate "2021.10.06"]
[SourceQuality "1"]

1. c4 e5 2. Nc3 Bc5 3. e3 Nc6 4. g3 d6 5. Bg2 Nf6 6. Nge2 Bg4 7. h3 Bh5 8. 0-0 Bg6 9. b3 0-0 10. Bb2 Qd7 11. d4 exd4 12. Nxd4 Bxd4 13. exd4 Bf5 14. Kh2 Rfe8 15. Qd2 Nb4 16. a3 Nd3 17. Rad1 Nxb2 18. Qxb2 d5 19. Nxd5 Nxd5 20. cxd5 c6 21. dxc6 bxc6 22. Rc1 Bd3 23. Rfd1 Be2 24. Rd2 Bh5 25. Bxc6 Qe7 26. Bxa8 Rxa8 27. Rdc2 Qd6 28. Rc8+ Qf8 29. Rxf8+ Rxf8 30. Rc7 h6 31. Qc2 Bg6 32. Qc5 Kh7 33. Rc8 Rxc8 34. Qxc8 a5 35. Qc7 a4 36. bxa4 f5 37. a5 f4 38. a6 fxg3+ 39. fxg3 h5 40. a7 h4 41. a8Q hxg3+ 42. Kxg3 Be4 43. Qaa7 Bb7 44. Qxg7+ Kxg7 45. Qxb7+ Kf6 46. a4 Ke6 47. Qc6+ Ke7 48. d5 Kd8 49. a5 Ke7 50. a6 Kd8 51. a7 Ke7 52. d6+ Kf6 53. d7+ Ke7 54. d8Q+ Kxd8 55. Qb7 Ke8 56. a8Q# 1-0

[Event "Cappelle Online Bullet op"]
[Site "Europe Echecs INT"]
[Date "2021.03.05"]
[Round "3"]
[White "Lissillour, Baptiste"]
[Black "Zanin, Clement"]
[Result "1-0"]
[WhiteElo "1771"]
[BlackElo "1357"]
[PlyCount "39"]
[EventDate "2021.03.05"]
[EventType "swiss (blitz)"]
[EventRounds "15"]
[EventCountry "FRA"]
[SourceTitle "EXT 2022"]
[Source "ChessBase"]
[SourceDate "2021.10.06"]
[SourceVersion "1"]
[SourceVersionDate "2021.10.06"]
[SourceQuality "1"]

1. d4 d5 2. Nf3 Nc6 3. c4 Bf5 4. Nc3 dxc4 5. d5 e6 6. dxc6 bxc6 7. Qxd8+ Rxd8 8. e4 Bg6 9. Bxc4 Bb4 10. Bd2 Bxc3 11. Bxc3 Bxe4 12. Bxg7 Ne7 13. Bxh8 Bxf3 14. gxf3 Rb8 15. 0-0-0 Rxb2 16. Kxb2 a5 17. Bf6 a4 18. a3 c5 19. Rhg1 Nc6 20. Rg8# 1-0

[Event "Cappelle Online Bullet op"]
[Site "Europe Echecs INT"]
[Date "2021.03.05"]
[Round "12"]
[White "Riquembourg, Julien"]
[Black "Zanin, Clement"]
[Result "0-1"]
[WhiteElo "1694"]
[BlackElo "1357"]
[PlyCount "62"]
[EventDate "2021.03.05"]
[EventType "swiss (blitz)"]
[EventRounds "15"]
[EventCountry "FRA"]
[SourceTitle "EXT 2022"]
[Source "ChessBase"]
[SourceDate "2021.10.06"]
[SourceVersion "1"]
[SourceVersionDate "2021.10.06"]
[SourceQuality "1"]

1. d4 d5 2. Nf3 e6 3. Bg5 Be7 4. Bf4 Nf6 5. Nbd2 Nc6 6. e3 0-0 7. c3 Ne4 8. Bd3 Nxd2 9. Qxd2 Bf6 10. 0-0 Re8 11. Rfe1 e5 12. dxe5 Nxe5 13. Nxe5 Bxe5 14. Bxe5 Rxe5 15. Rad1 Qg5 16. Be2 Bh3 17. Bf3 Rf5 18. Qe2 Re8 19. g3 h6 20. Bg2 Bxg2 21. Kxg2 Re6 22. Rd4 Ref6 23. Rf1 c5 24. Rf4 Rxf4 25. exf4 Rxf4 26. Qe8+ Kh7 27. Qe3 Rf5 28. Qxc5 Qg4 29. Qxa7 Rh5 30. Qe3 Qh3+ 31. Kg1 Qxh2# 0-1

[Event "Cappelle Online Bullet op"]
[Site "Europe Echecs INT"]
[Date "2021.03.05"]
[Round "2"]
[White "Zanin, Clement"]
[Black "Ludwiczak, Virginie"]
[Result "0-1"]
[WhiteElo "1357"]
[BlackElo "1882"]
[PlyCount "62"]
[EventDate "2021.03.05"]
[EventType "swiss (blitz)"]
[EventRounds "15"]
[EventCountry "FRA"]
[SourceTitle "EXT 2022"]
[Source "ChessBase"]
[SourceDate "2021.10.06"]
[SourceVersion "1"]
[SourceVersionDate "2021.10.06"]
[SourceQuality "1"]

1. e4 e6 2. Nf3 d5 3. exd5 exd5 4. d4 c6 5. Bd3 Bd6 6. 0-0 Nf6 7. c4 0-0 8. Nc3 Re8 9. Bg5 Be6 10. cxd5 cxd5 11. Nb5 Be7 12. Bf4 Nc6 13. Nc7 Nh5 14. Qd2 Nxf4 15. Qxf4 Bd6 16. Qxd6 Qxd6 17. Nxe8 Rxe8 18. Ne5 f6 19. Nf3 Bf7 20. Rfe1 Rxe1+ 21. Rxe1 Nb4 22. Bb1 a5 23. Nh4 Nc6 24. Nf5 Qd7 25. Re2 Bg6 26. Ng3 Bxb1 27. Re1 Be4 28. h3 Nxd4 29. Nxe4 dxe4 30. Re3 Nf5 31. Rxe4 Qd1+ 0-1

[Event "Ville d'Orsay online Blitz"]
[Site "Europe Echecs INT"]
[Date "2021.02.07"]
[Round "6"]
[White "Siffert, Arman"]
[Black "Zanin, Clement"]
[Result "1-0"]
[WhiteElo "1902"]
[BlackElo "1357"]
[PlyCount "121"]
[EventDate "2021.02.07"]
[EventType "swiss (blitz)"]
[EventRounds "11"]
[EventCountry "FRA"]
[SourceTitle "CBM 200 Extra"]
[Source "ChessBase"]
[SourceDate "2021.03.31"]
[SourceVersion "1"]
[SourceVersionDate "2021.03.31"]
[SourceQuality "1"]

1. d4 d5 2. c4 e6 3. Nc3 Nf6 4. Nf3 Nbd7 5. Bg5 c6 6. e3 Qa5 7. cxd5 Nxd5 8. Qb3 Bb4 9. Rc1 N7b6 10. Be2 Na4 11. 0-0 Naxc3 12. bxc3 Nxc3 13. Bd3 0-0 14. a3 Bxa3 15. Rxc3 Bb4 16. Rcc1 Bd6 17. Bh4 Qh5 18. Bg3 Be7 19. Ra1 f6 20. Bc4 Qf5 21. e4 Qxe4 22. Rfe1 Qg6 23. Bxe6+ Bxe6 24. Qxe6+ Qf7 25. Qxe7 Qb3 26. Qe6+ Qxe6 27. Rxe6 a5 28. Re7 b5 29. Rc7 b4 30. Rxc6 b3 31. Rb6 a4 32. Nd2 Rfc8 33. Kf1 Kf7 34. Ke2 Rc2 35. Kd3 Rac8 36. Rxa4 R8c3+ 37. Ke2 b2 38. Rab4 Rc8 39. Rxb2 Re8+ 40. Kd3 Rc1 41. Rb7+ Kg6 42. h4 Rec8 43. R2b3 Rd1 44. Ke2 Ra1 45. Rb2 Re8+ 46. Kd3 Ra3+ 47. R7b3 Ra4 48. Nf3 Rd8 49. Bc7 Rd7 50. Bb6 Ra1 51. Bc5 Rc1 52. Rc3 Rd1+ 53. Kc4 Ra1 54. g4 Ra4+ 55. Rb4 Ra5 56. h5+ Kf7 57. Nh4 g5 58. Nf5 Rc7 59. Re3 Kg8 60. Rb8+ Kf7 61. Rf8# 1-0

[Event "Cappelle Online Blitz op 1st"]
[Site "Europe Echecs INT"]
[Date "2021.01.10"]
[Round "9"]
[White "Afraoui, Solenn"]
[Black "Zanin, Clement"]
[Result "0-1"]
[WhiteElo "1889"]
[BlackElo "1357"]
[PlyCount "60"]
[EventDate "2021.01.10"]
[EventType "swiss (blitz)"]
[EventRounds "11"]
[EventCountry "FRA"]
[SourceTitle "CBM 200 Extra"]
[Source "ChessBase"]
[SourceDate "2021.03.31"]
[SourceVersion "1"]
[SourceVersionDate "2021.03.31"]
[SourceQuality "1"]

1. e4 e5 2. Nf3 Nc6 3. Nc3 Bc5 4. g3 d6 5. Bg2 Bg4 6. h3 Bh5 7. d3 h6 8. Nd5 Nge7 9. Nxe7 Qxe7 10. c3 0-0 11. 0-0 Qd7 12. a4 a5 13. Be3 Bxe3 14. fxe3 Bg6 15. Kh2 f5 16. Nh4 Bh7 17. exf5 Bxf5 18. Nxf5 Rxf5 19. Qb3+ Kh8 20. Rxf5 Qxf5 21. Qxb7 Rg8 22. Qxc6 Qxd3 23. Qe4 Qd2 24. Rb1 Rf8 25. Rg1 Qxb2 26. Qd5 Qxc3 27. Qe4 Qb3 28. Rf1 Rg8 29. Rf7 Qxf7 30. Qc6 Rb8 0-1

[Event "Cappelle Online Blitz op 1st"]
[Site "Europe Echecs INT"]
[Date "2021.01.10"]
[Round "7"]
[White "Vine, Thibault"]
[Black "Zanin, Clement"]
[Result "1-0"]
[WhiteElo "1850"]
[BlackElo "1357"]
[PlyCount "101"]
[EventDate "2021.01.10"]
[EventType "swiss (blitz)"]
[EventRounds "11"]
[EventCountry "FRA"]
[SourceTitle "CBM 200 Extra"]
[Source "ChessBase"]
[SourceDate "2021.03.31"]
[SourceVersion "1"]
[SourceVersionDate "2021.03.31"]
[SourceQuality "1"]

1. e4 e5 2. Nf3 Nc6 3. Bc4 Bc5 4. 0-0 d6 5. c3 Bg4 6. d3 Nf6 7. b4 Bb6 8. a4 a6 9. Be3 0-0 10. Bxb6 cxb6 11. Nbd2 Nh5 12. h3 Bd7 13. Nxe5 Nxe5 14. Qxh5 Nxc4 15. Nxc4 Rc8 16. Nxd6 Rc6 17. Nc4 Rh6 18. Qf3 Qg5 19. Kh2 Bg4 20. Qg3 Qh5 21. Ne3 Be2 22. Rfe1 Bxd3 23. Nf5 Rg6 24. Qxd3 Qg5 25. Qf3 h6 26. Rad1 Rc8 27. Rd5 Kh7 28. Ne3 Qh4 29. Nf5 Qg5 30. Nd6 Qd8 31. Nxc8 Qxc8 32. Red1 Qc4 33. Rd6 Rg5 34. e5 Rxe5 35. Qd3+ Qxd3 36. R1xd3 Re2 37. Kg3 Ra2 38. Rxb6 Rxa4 39. Rxb7 a5 40. Ra7 Ra3 41. Rxa5 Rb3 42. Ra7 Kg6 43. Rad7 f5 44. R3d6+ Kg5 45. Rxg7+ Kh5 46. Rc7 Kg5 47. h4+ Kh5 48. Rc5 Rxc3+ 49. Rxc3 f4+ 50. Kh3 f3 51. Rc5# 1-0

[Event "Cappelle Online Blitz op 1st"]
[Site "Europe Echecs INT"]
[Date "2021.01.10"]
[Round "8"]
[White "Zanin, Clement"]
[Black "Mallevaey, Armand"]
[Result "1-0"]
[WhiteElo "1357"]
[BlackElo "1692"]
[PlyCount "55"]
[EventDate "2021.01.10"]
[EventType "swiss (blitz)"]
[EventRounds "11"]
[EventCountry "FRA"]
[SourceTitle "CBM 200 Extra"]
[Source "ChessBase"]
[SourceDate "2021.03.31"]
[SourceVersion "1"]
[SourceVersionDate "2021.03.31"]
[SourceQuality "1"]

1. e4 c5 2. Nc3 a6 3. a3 e6 4. Bc4 Nf6 5. d3 Qc7 6. f4 d5 7. exd5 exd5 8. Nxd5 Nxd5 9. Bxd5 Nd7 10. Nf3 Nf6 11. Bb3 Bd6 12. 0-0 0-0 13. Ng5 h6 14. Ne4 Nxe4 15. dxe4 b5 16. c4 b4 17. axb4 cxb4 18. Qf3 Bb7 19. Be3 Rfe8 20. Qg4 Rxe4 21. Rae1 Rae8 22. Rf3 Bxf4 23. Rxf4 Rxe3 24. Rxe3 Rxe3 25. Bc2 Qe5 26. Rf1 Qd4 27. Qxd4 Re2 28. Qd8+ 1-0